000 00455nam a22001697a 4500
003 MPLRDC
005 20220104142815.0
008 210129b ||||| |||| 00| 0 eng d
082 _a857.9 JDZG-18 v.1
100 _a还珠楼主原著
245 _a柳湖侠隐. 一
_c莱洪生批校
260 _a
_b艺文图书公司
_c
300 _b
490 _a近代中国武侠小说名著大系
650 _a武侠小说
942 _cBK
_o857.9 JDZG-18 v.1
999 _c33871
_d33861